Top 25 Cities of Madagascar on a Map Quiz Stats

 Plays Quiz Updated Mar 13, 2019

Score 0/25 Timer 10:00
5 Plays Today
% Correct
Antananarivo
84.1%
Toliara
70.8%
Mahajanga
67.1%
Toamasina
66.6%
Antsirabe
63.8%
Antsiranana
59.9%
Ambovombe
53.7%
Tôlanaro
53%
Antanifotsy
48.9%
Manakara
48.9%
Nosy Varika
48.9%
Fianarantsoa
47.9%
Morondava
45.3%
% Correct
Ikongo
44.4%
Ambanja
39.8%
Amparafaravola
38.6%
Andoany
32.5%
Ambatondrazaka
29.8%
Amboasary
25.9%
Marovoay
24.8%
Mananara Avaratra
23.2%
Tsihombe
22.4%
Soavinandriana
21.9%
Soanierana Ivongo
15.9%
Belon'i Tsiribihina
7.4%

You're not logged in!

Compare scores with friends on all Sporcle quizzes.
OR
Log In

Sporcle TV

Today on Sporcle TV


Watch our educational content, quiz creation guides, and fun videos on Sporcle TV.

Show Comments

Extras

Top Quizzes Today


Score Distribution

Your Account Isn't Verified!

In order to create a playlist on Sporcle, you need to verify the email address you used during registration. Go to your Sporcle Settings to finish the process.

Report this User

Report this user for behavior that violates our Community Guidelines.

Details: